000 00558nmm a2200145Ia 4500
008 251105s9999||||xx |||||||||||||||||und||
041 _aspa
100 _aMárquez Hidalgo, Francisco
245 0 _aNueve mujeres en las cortes de la II República :
_b El perfil humano y político de las primeras diputadas españolas
264 _a[Madrid, España] :
_bEdiciones Áltera,
_c[Fecha de publicación no identificada]
300 _a250 páginas
650 _aHistory of Europe: Spain
856 _uhttps://public.digitaliapublishing.com/a/84302
942 _cCF
999 _c101137
_d101137